América Latina: Ideología y cultura /
Kaydedildi:
| Yazar: | |
|---|---|
| Diğer Yazarlar: | , , , , , |
| Materyal Türü: | Metin |
| Dil: | Spanish |
| Baskı/Yayın Bilgisi: |
San José, Costa Rica
FLACSO EUNED
1982
|
| Edisyon: | 1 era. edición |
| Seri Bilgileri: | Colección 25 aniversario
|
| Konular: | |
| Etiketler: |
Etiketle
Etiket eklenmemiş, İlk siz ekleyin!
|
MARC
| LEADER | 00000 a a2200000 04500 | ||
|---|---|---|---|
| 001 | 23555 | ||
| 003 | cru CIDCACS/IIS | ||
| 005 | 20210811163924.0 | ||
| 008 | 170519b xxu||||| |||| 00| 0 spa d | ||
| 020 | |a 84-89401-04-7 | ||
| 040 | |c CRAI/IIS |a CRAI/IIS | ||
| 090 | |a 05.03.02 C172a | ||
| 100 | 1 | |a Camacho Monge, Daniel | |
| 245 | |a América Latina: |b Ideología y cultura / |c Daniel Camacho Monge ... [et. al] | ||
| 250 | |a 1 era. edición |b Edición: Francisco Rojas Aravena | ||
| 260 | |a San José, Costa Rica |b FLACSO |b EUNED |c 1982 | ||
| 300 | |a 165 páginas | ||
| 440 | |9 4840 |a Colección 25 aniversario | ||
| 500 | |a Coleción Alforja | ||
| 650 | 1 | 7 | |9 1428 |a IDEOLOGIAS |
| 650 | 1 | 7 | |9 126 |a CULTURA |
| 650 | 1 | 7 | |9 75 |a CIENCIAS SOCIALES |
| 650 | 1 | 7 | |9 509 |a ACULTURACION |
| 650 | 1 | 0 | |9 4430 |a AUTORITARISMO |
| 650 | 1 | 0 | |9 4562 |a DOMINACION |
| 651 | 1 | 0 | |9 17 |a AMERICA LATINA |
| 700 | |a Ipola, Emilio de | ||
| 700 | 1 | |a Rojas Aravena, Francisco |9 448 |e editor | |
| 700 | |a Riz, Liliana de | ||
| 700 | |a Mayorga, René Antonio | ||
| 700 | |a Najenson, José Luis | ||
| 700 | |a Nun, José | ||
| 942 | |2 ddc |c LI | ||
| 999 | |c 17720 |d 17720 | ||



